[Event "SVR-op"]
[Site "Hennweiler"]
[Date "2018.03.25"]
[Round "3"]
[White "Ries, Werner1111"]
[Black "Conrad, Nico"]
[Result "1-0"]
[WhiteElo "1630"]
[BlackElo "1145"]
[PlyCount "45"]
[EventDate "2018.03.24"]
[EventType "swiss"]
[EventRounds "7"]
[EventCountry "GER"]
[SourceTitle "EXT 2020"]
[Source "ChessBase"]
[SourceDate "2019.10.17"]
[SourceVersion "1"]
[SourceVersionDate "2019.10.17"]
[SourceQuality "1"]

1. e4 e5 2. Nf3 Nc6 3. d4 exd4 4. Nxd4 Bc5 5. Nb3 Qe7 6. Nxc5 Qxc5 7. Nc3 Nf6 8. Be2 0-0 9. 0-0 Re8 10. Be3 Qe7 11. Bg5 h6 12. Nd5 Qe5 13. Bxf6 gxf6 14. f4 Qd6 15. e5 fxe5 16. fxe5 Qc5+ 17. Kh1 Rxe5 18. Nf6+ Kg7 19. Bd3 d6 20. Qf3 Qe3 21. Nh5+ Kh8 22. Qf6+ Kg8 23. Qg7# 1-0

[Event "SVR-op"]
[Site "Hennweiler"]
[Date "2018.03.24"]
[Round "2"]
[White "Conrad, Nico"]
[Black "Beck, Maurice2222"]
[Result "1-0"]
[WhiteElo "1145"]
[BlackElo "2017"]
[PlyCount "95"]
[EventDate "2018.03.24"]
[EventType "swiss"]
[EventRounds "7"]
[EventCountry "GER"]
[SourceTitle "EXT 2020"]
[Source "ChessBase"]
[SourceDate "2019.10.17"]
[SourceVersion "1"]
[SourceVersionDate "2019.10.17"]
[SourceQuality "1"]

1. e4 e5 2. Nf3 Nc6 3. d4 exd4 4. Nxd4 Nxd4 5. Qxd4 d6 6. Nc3 c5 7. Qa4+ Bd7 8. Bb5 Nf6 9. Bg5 a6 10. Bxd7+ Qxd7 11. Qxd7+ Nxd7 12. Nd5 Ne5 13. Nc7+ Kd7 14. Nxa8 Nc6 15. Nb6+ Ke8 16. 0-0-0 Ne5 17. Bf4 Ng4 18. Rd2 Be7 19. Bxd6 Bxd6 20. Rxd6 Nxf2 21. Re1 g6 22. Re2 Ng4 23. e5 Nh6 24. Red2 f5 25. Rd8+ Ke7 26. Rxh8 g5 27. Rxh7+ Ke6 28. Rxh6+ Kxe5 29. Nd7+ Kf4 30. Nxc5 g4 31. Ne6+ Ke5 32. Nc5 f4 33. Nxb7 g3 34. hxg3 fxg3 35. Rxa6 Ke4 36. Re6+ Kf5 37. Nd8 Kf4 38. Rd3 Kg4 39. Rxg3+ Kxg3 40. Re4 Kxg2 41. Kd2 Kf3 42. Kd3 Kf2 43. Re3 Kf1 44. Rf3+ Kg2 45. Ke2 Kg1 46. Rg3+ Kh2 47. Kf2 Kh1 48. Rh3# 1-0

[Event "Wiesbaden op 29th"]
[Site "Wiesbaden"]
[Date "2017.08.25"]
[Round "3"]
[White "Viol, Julius"]
[Black "Conrad, Nico"]
[Result "1-0"]
[WhiteElo "1589"]
[BlackElo "1386"]
[PlyCount "99"]
[EventDate "2017.08.24"]
[EventType "swiss"]
[EventRounds "7"]
[EventCountry "GER"]
[SourceTitle "CBM 180 Extra"]
[Source "ChessBase"]
[SourceDate "2017.10.06"]
[SourceVersion "1"]
[SourceVersionDate "2017.10.06"]
[SourceQuality "1"]

1. c4 e5 2. g3 c5 3. Bg2 g6 4. Nc3 Nf6 5. e4 Nc6 6. Nge2 Bg7 7. 0-0 d6 8. d3 Bg4 9. h3 Bxe2 10. Nxe2 0-0 11. a3 Nd4 12. Nxd4 cxd4 13. b4 b6 14. Bd2 Rc8 15. a4 a5 16. Qe1 Ra8 17. bxa5 bxa5 18. Rb1 Qd7 19. Rb5 Rfb8 20. Bxa5 Rxb5 21. axb5 Qb7 22. Qd2 Nd7 23. Bb4 Nc5 24. Bxc5 dxc5 25. Qb2 Qb6 26. Ra1 Rxa1+ 27. Qxa1 Qc7 28. Qa6 Bf8 29. Bf3 Qd6 30. b6 Qc6 31. Qa7 Bd6 32. Bg4 Qe8 33. Bd7 Qe7 34. b7 Qd8 35. Bc8 Qc7 36. Qa6 Qb8 37. Kf1 Qc7 38. Ke2 Kg7 39. g4 Qb8 40. g5 h6 41. gxh6+ Kxh6 42. Qc6 Qc7 43. Qe8 Kg7 44. Kf3 Qb8 45. Kg4 f5+ 46. exf5 gxf5+ 47. Kxf5 Qc7 48. Be6 Qb8 49. Qg6+ Kh8 50. Qh6# 1-0

[Event "SVR-op"]
[Site "Heimbach Weis"]
[Date "2017.04.15"]
[Round "7"]
[White "Conrad, Nico"]
[Black "Busley, Tim"]
[Result "1-0"]
[WhiteElo "1109"]
[BlackElo "1129"]
[PlyCount "105"]
[EventDate "2017.04.08"]
[EventType "swiss"]
[EventRounds "7"]
[EventCountry "GER"]
[SourceTitle "EXT 2020"]
[Source "ChessBase"]
[SourceDate "2019.10.17"]
[SourceVersion "1"]
[SourceVersionDate "2019.10.17"]
[SourceQuality "1"]

1. e4 d5 2. exd5 Nf6 3. Nc3 Nxd5 4. Nxd5 Qxd5 5. Qf3 Qxf3 6. Nxf3 Bf5 7. c3 e6 8. d4 c5 9. Bb5+ Nd7 10. Bxd7+ Kxd7 11. 0-0 Rd8 12. Be3 b6 13. Rad1 Ke8 14. h3 f6 15. dxc5 Rxd1 16. Rxd1 Bxc5 17. Nd4 Bxd4 18. Bxd4 Ke7 19. b4 Rd8 20. Re1 g5 21. a4 e5 22. Be3 Bd7 23. a5 bxa5 24. bxa5 a6 25. f4 gxf4 26. Bxf4 Kf7 27. Be3 Bb5 28. Rc1 Rc8 29. g4 Kg6 30. h4 Rc4 31. h5+ Kg7 32. g5 fxg5 33. Bf2 Kh6 34. Kg2 Kxh5 35. Be1 Bc6+ 36. Kh2 Rh4+ 37. Bxh4 Kxh4 38. Rd1 g4 39. Rd6 g3+ 40. Kg1 Be4 41. Rxa6 Kg4 42. Rb6 h5 43. Rb4 Kf3 44. Rxe4 Kxe4 45. a6 Kf4 46. a7 h4 47. a8Q h3 48. Qf8+ Kg4 49. c4 e4 50. Qa3 Kf4 51. Qc1+ Kg4 52. Qe3 g2 53. Kh2 1-0